000 00598npc a2200217Ia 4500
001 dg90-39622
003 IT-MiCISF
005 20260107100629.0
008 161014s9999||||xx | und||
040 _aIT-MiCISF
_cIT-MiCISF
041 _afr
100 _aBureau International Catholique de l'Enfance
_963110
245 0 _aLa condition des enfants engages dans le monde artistique
260 _a Paris,
_bBice,
_c1986
300 _app. 56
500 _a / infanzia, massmedia, pubblicitĂ  /
650 _amass-media
654 _adivulgazione
942 _cDD
_2ddc
999 _c207066
_d207066
999 _bsi